header

Laughter out of place (Record no. 70650)

MARC details
000 -LEADER
fixed length control field 02022nam a22004094a 4500
082 04 - DEWEY DECIMAL CLASSIFICATION NUMBER
Classification number 305.5/68/098153
100 1# - MAIN ENTRY--AUTHOR NAME
Personal name Goldstein, Donna M.
245 10 - TITLE STATEMENT
Title Laughter out of place
260 ## - PUBLICATION, DISTRIBUTION, ETC. (IMPRINT)
Place of publication Berkeley :
Name of publisher University of California Press,
Year of publication c2003.
300 ## - PHYSICAL DESCRIPTION
Number of Pages xxiii, 349 p. :
Other physical details ill.
490 1# - SERIES STATEMENT
Series statement California series in public anthropology
505 0# - FORMATTED CONTENTS NOTE
Formatted contents note Laughter out of place -- The aesthetics of domination -- Color-blind erotic democracies, black consciousness politics, and the black Cinderellas of Felicidade Eterna -- No time for childhood -- State terror, gangs, and everyday violence in Rio de Janeiro -- Partial truths, or, the carnivalization of desire -- What's so funny about rape?
650 #0 - SUBJECT ADDED ENTRY--TOPICAL TERM
Topical Term Marginality, Social
Topical Term Poor
Topical Term Poor
Topical Term Slums
Topical Term Violence
Topical Term Sex
856 40 - ELECTRONIC LOCATION AND ACCESS
Uniform Resource Identifier http://site.ebrary.com/lib/rucke/Doc?id=10058522

No items available.

© 2026 Rongo University
Contact us: librarian | system librarian | Rongo university